[Event "DVM U14w 2017"]
[Site "Neumünster GER"]
[Date "2017.12.28"]
[Round "4"]
[White "Spreen, Merle"]
[Black "Popovidou, Laura"]
[Result "0-1"]
[Termination "normal"]
[Board "10.4"]
[WhiteElo "866"]
[BlackElo "935"]
[WhiteTeam "SC Vaterstetten"]
[BlackTeam "SG Porz"]
[PlyCount "100"]
[WhiteFideId "16241606"]
[BlackFideId "16255836"]
[EventCountry "GER"]
[EventRounds "7"]
[EventType "team-swiss"]
[EventDate "2017.12.26"]

1. e4 e5 2. Bc4 Nc6 3. d3 Bc5 4. Nf3 h6 5. Nc3 d6 6. Nd5 a6 7. a3 Nge7 8. Be3
Be6 9. Nc3 Bxc4 10. dxc4 O-O 11. Nd5 Re8 12. Nh4 Qd7 13. Nxe7+ Rxe7 14. Nf5 Re6
15. Qg4 Rg6 16. Qh5 Bxe3 17. fxe3 Qe6 18. O-O-O Qxc4 19. g4 Qxe4 20. Rhg1 Kh7
21. Rdf1 Rf6 22. Qh3 g5 23. Qh5 Qd5 24. Ne7 Qe6 25. Nf5 Ne7 26. e4 Rd8 27. h4
Rg8 28. Rg3 c6 29. Rgf3 d5 30. exd5 cxd5 31. Kb1 e4 32. R3f2 gxh4 33. Qxh4 Rg5
34. Nd4 Qxg4 35. Qh2 Rxf2 36. Rxf2 e3 37. Rxf7+ Rg7 38. Rf4 Qd1+ 39. Ka2 Ng6
40. Rf6 Qxd4 41. c3 Qxf6 42. Qe2 Qe6 43. Qd3 d4+ 44. c4 Rd7 45. Qc2 d3 46. Qxd3
Rxd3 47. Kb1 Qxc4 48. a4 Qe4 49. a5 Rd1+ 50. Ka2 Qa4# 0-1